<?xml version="1.0" encoding="UTF-8"?>
<collection xmlns:xsi="http://www.w3.org/2001/XMLSchema-instance" xsi:schemaLocation="http://www.loc.gov/MARC21/slim http://www.loc.gov/standards/marcxml/schema/MARC21slim.xsd" xmlns="http://www.loc.gov/MARC21/slim">
 <record>
  <leader>00000cab a22000004cb4500</leader>
  <controlfield tag="001">IPP-00000272781</controlfield>
  <controlfield tag="003">IPP</controlfield>
  <controlfield tag="005">20181031105325.0</controlfield>
  <controlfield tag="008">181031s1985    xx     d | ||r |||||eng||</controlfield>
  <datafield tag="041" ind1="#" ind2="#">
   <subfield code="a">eng</subfield>
  </datafield>
  <datafield tag="100" ind1="1" ind2="#">
   <subfield code="a">Endriga, Jose N.</subfield>
  </datafield>
  <datafield tag="245" ind1="1" ind2="0">
   <subfield code="a">Stability and change</subfield>
   <subfield code="b">the civil service in the Philippines</subfield>
  </datafield>
  <datafield tag="264" ind1="#" ind2="1">
   <subfield code="c">1985</subfield>
  </datafield>
  <datafield tag="520" ind1="#" ind2="#">
   <subfield code="a">The civil service system was marked by different features at various periods in Philippine history. During the Spanish colonial period, public office exhibited generally negative characteristics. The American period saw the development of a non-political civil service based on merit. However, this positive legacy was eroded by the war and its aftermath. Despite attempts by successive postwar administrations to restore administrative efficiency through the enactment of anti-graft measures and the implementation of organizational reforms, problems of graft and corruption continued to plague the bureaucracy. The martial law period initially held out the promise of thorough reforms in the bureaucracy, but corruption and other negative characteristics remained.</subfield>
  </datafield>
  <datafield tag="650" ind1="1" ind2="0">
   <subfield code="a">Civil Service Commission</subfield>
  </datafield>
  <datafield tag="650" ind1="2" ind2="0">
   <subfield code="a">Civil service reform</subfield>
  </datafield>
  <datafield tag="773" ind1="0" ind2="#">
   <subfield code="t">Philippine Journal of Public Administration</subfield>
   <subfield code="g">Vol. XXIX, no. 2 (Apr. 1985), 132-154</subfield>
  </datafield>
  <datafield tag="852" ind1="#" ind2="#">
   <subfield code="a">UPD</subfield>
   <subfield code="b">DCPA</subfield>
  </datafield>
  <datafield tag="942" ind1="#" ind2="#">
   <subfield code="a">Article</subfield>
  </datafield>
  <datafield tag="950" ind1="#" ind2="#">
   <subfield code="a">FI</subfield>
  </datafield>
 </record>
</collection>
